| 000 | 00963nac a22002291u 4500 | ||
|---|---|---|---|
| 010 | _a 2005041000 | ||
| 020 | _a0849339391 (alk. paper) | ||
| 082 | 0 | 0 |
_a005.1 _bD3606 |
| 090 |
_c2248 _d2248 |
||
| 100 | _a20080729 | ||
| 245 | 0 | 0 |
_aStrategic software engineering : _ban interdisciplinary approach / _cFadi P. Deek, James A.M. McHugh, Osama M. Eljabiri. |
| 260 |
_aBoca Raton, FL : _bAuerbach Publications,2005 _c2005. |
||
| 300 |
_axxvi, 333 p. : _bill. ; _c24 cm. |
||
| 504 | _aIncludes bibliographical references and indexes. | ||
| 650 | 0 | _aSoftware engineering. | |
| 700 | 1 | _aDeek, Fadi P. | |
| 700 | 1 |
_aMcHugh, James A., _d1944- |
|
| 700 | 1 | _aEljabiri, Osama M. | |
| 856 | 4 | 2 |
_3Publisher description _uhttp://www.loc.gov/catdir/enhancements/fy0648/2005041000-d.html |
| 942 |
_cBB _k005.1D3606 |
||
| 999 |
_c2248 _d2248 |
||